Tiếng Việt đại cương Ngữ âm

NV Ngữ âm tiếng Việt

Bewaard in:
Bibliografische gegevens
Hoofdauteur: Mai, Thị Kiều Phượng
Formaat: Boek
Taal:Undetermined
Gepubliceerd in: H. Khoa học Xã hội 2008
Onderwerpen:
Online toegang:http://lrc.tdmu.edu.vn/opac/search/detail.asp?aID=2&ID=3943
Tags: Voeg label toe
Geen labels, Wees de eerste die dit record labelt!
Thư viện lưu trữ: Trung tâm Học liệu Trường Đại học Thủ Dầu Một
LEADER 00695nam a2200217Ia 4500
001 TDMU_3943
008 210410s9999 xx 000 0 und d
082 |a 495.92283 
090 |b M28 
100 |a Mai, Thị Kiều Phượng 
245 0 |a Tiếng Việt đại cương 
245 0 |b Ngữ âm 
245 0 |c Mai Thị Kiều Phượng 
260 |a H. 
260 |b Khoa học Xã hội 
260 |c 2008 
300 |a 326tr. 
520 |a NV Ngữ âm tiếng Việt 
650 |a Tiếng Việt  |x Ngữ âm 
856 |u http://lrc.tdmu.edu.vn/opac/search/detail.asp?aID=2&ID=3943 
980 |a Trung tâm Học liệu Trường Đại học Thủ Dầu Một